Instrumentos de promoção ambiental e o dever de indenizar atribuído ao Estado / (Record no. 863)

MARC details
000 -LÍDER
Campo Fixo de Controle 00990nam a2200289 a 4500
001 - NÚMERO DE CONTROLE
Campo de Controle 863
003 - IDENTIFICAÇÃO DO NÚMERO DE CONTROLE
Campo de Controle BR-CuiBMT
005 - DATA E HORA DA ÚLTIMA ATUALIZAÇÃO
Campo de Controle 20231129163316.0
008 - DADOS FIXOS
Dados Fixos 231121s2008 mgb 000 0 por d
020 ## - INTERNATIONAL STANDARD BOOK NUMBER
Nº do ISBN 9788577001323
040 ## - AGÊNCIA CATALOGADORA
Código da Agência Catalogadora BR-CuiBMT
Agência que transcreveu o registro BR-CuiBMT
080 ## - Nº DA CLASSIFICAÇÃO DECIMAL UNIVERSAL
Nº Class. CDU 349.6:504
Nº edição CDU 2007
090 ## - NÚMERO DE CHAMADA
Nº classificação 349.6:504
Cutter V991i
100 10 - ENTRADA PRINCIPAL -- AUTOR PESSOAL
Nome pessoal Vulcanis, Andréa
245 ## - TÍTULO PRINCIPAL
Título principal Instrumentos de promoção ambiental e o dever de indenizar atribuído ao Estado /
Indicação de responsabilidade Andréa Vulcanis.
260 ## - PUBLICAÇÃO, DISTRIBUIÇÃO, ETC.
Local de publicação Belo Horizonte :
Editora Fórum,
Data 2008.
300 ## - DESCRIÇÃO FÍSICA
N. páginas ou volumes 261 p. ;
Dimensões 22 cm
504 ## - NOTA DE BIBLIOGRAFIA, ETC.
Nota de bibliografia Inclui bibliografia.
650 ## - ASSUNTO TÓPICO
Cabeçalho tópico ou nome geográfico Proteção ambiental
Subdivisão geográfica Brasil
650 ## - ASSUNTO TÓPICO
Cabeçalho tópico ou nome geográfico Direito de propriedade
Subdivisão geral Aspectos ambientais
Subdivisão geográfica Brasil
650 ## - ASSUNTO TÓPICO
Cabeçalho tópico ou nome geográfico Meio ambiente
Subdivisão geral Aspectos jurídicos
Subdivisão geográfica Brasil
650 ## - ASSUNTO TÓPICO
Cabeçalho tópico ou nome geográfico Política ambiental
Subdivisão geográfica Brasil
650 ## - ASSUNTO TÓPICO
Cabeçalho tópico ou nome geográfico Propriedade
Subdivisão de forma Aspectos sociais
Subdivisão geográfica Brasil
650 ## - ASSUNTO TÓPICO
Cabeçalho tópico ou nome geográfico Responsabilidade do Estado
Subdivisão geográfica Brasil
650 ## - ASSUNTO TÓPICO
Cabeçalho tópico ou nome geográfico Áreas de conservação de recursos naturais
Subdivisão geográfica Brasil
942 ## - ELEMENTOS DE ENTRADA ADICIONAIS (KOHA)
Fonte de classificação ou esquema de arquivamento Classificação Decimal Universal
Tipo de item do Koha Livros
Holdings
Estado: removido Estado: perdido Fonte de classificação ou esquema de arquivamento Estado: danificado Indisponível para empréstimo Localização permanente Localização atual Data de aquisição Total Checkouts Número de Chamada completo Código de barras Date last seen Número do exemplar Preço efetivo a partir de Tipo de item (Koha)
    Classificação Decimal Universal     Biblioteca da Escola Superior de Contas do TCE/MT Biblioteca da Escola Superior de Contas do TCE/MT 06/08/2019   349.6:504 V991i BIBTCEMT23110805 21/11/2023 Ex. 1 21/11/2023 Livros
    Classificação Decimal Universal     Biblioteca da Escola Superior de Contas do TCE/MT Biblioteca da Escola Superior de Contas do TCE/MT 06/08/2019   349.6:504 V991i BIBTCEMT23110806 21/11/2023 Ex. 2 21/11/2023 Livros

Powered by Koha